İNCİ'NİN ANAHTARI (Record no. 1165368)

MARC details
000 -LEADER
sabit uzunluktaki kontrol alanı 00242nam a2200097Ia 4500
001 - KONTROL NUMARASI
kontrol alanı 1165368
005 - EN SON İŞLEMİN TARİH VE ZAMANI
kontrol alanı 20250827011738.0
008 - SABİT-UZUNLUKTA VERİ ÖĞELERİ--GENEL BİLGİ
sabit uzunluktaki kontrol alanı 250824s9999 xx 000 0 und d
245 #0 - ESER / YAZAR
ESER ADI İNCİ'NİN ANAHTARI
Yazar Adı NECATİ AKBABA
260 ## - YAYIN, DAĞITIM, VB.
YAYIN EVİ GENÇ DAMLA
Holdings
Düşüm durumu Kayıp durumu Sınıflandırma Kaynağı veya raf şeması Hasar Durumu Ödünç verilmez Ana kütüphane Geçerli Kütüphane Edinilen tarih Toplam ödünç verme sayısı Tam yer numarası Barkod İade tarihi Son görüntüleme tarihi Son ödünç verme tarihi Fiyatın geçerli olmaya başladığı tarih Koha materyal türü
    Dewey Ondalık Sınıflama     ŞEHİT MUSTAFA ÇUHADAR ORTAOKULU ŞEHİT MUSTAFA ÇUHADAR ORTAOKULU 24.08.2025 4 Ö6 10545536 14.05.2026 29.04.2026 29.04.2026 27.08.2025 Books